|
|
|
|
| LEADER |
00000nam0a2200000 4500 |
| 001 |
65364 |
| 005 |
20231031070436.0 |
| 010 |
|
|
|a 5170342144
|
| 010 |
|
|
|a 5-478-00165-1
|
| 035 |
|
|
|a (RuTPU)RU\TPU\book\69385
|
| 090 |
|
|
|a 65364
|
| 100 |
|
|
|a 20040618d2006 m y0rusy50 ca
|
| 101 |
0 |
|
|a rus
|
| 102 |
|
|
|a RU
|
| 105 |
|
|
|a a j 001zb
|
| 200 |
1 |
|
|a Индуизм в истории Индии
|e учебное пособие
|f К. К. Жоль
|
| 210 |
|
|
|a Москва
|c АСТ
|c Восток-Запад
|d 2006
|
| 215 |
|
|
|a 351 с.
|c ил.
|
| 320 |
|
|
|a Библиогр.: с. 330-351.
|
| 330 |
|
|
|a В книге анализируются актуальные вопросы современной индологии с историкокультурных, религиоведческих, философско-социологических и политико-правовых позиций. Основным предметом сравнительно-исторического рассмотрения служит индуизм как историческое, идеологическое и духовно-практическое явление индийской культуры, а также регулятивно-мировоззренческие функции индуизма на примере жизни и деятельности отдельной личности, каковой в данном случае является религиозный мыслитель и выдающийся политический деятель Индии Махатма Ганди (1869-1948). Для этой цели используется значительный объем исторического материала, что делает книгу своеобразным пособием по истории индийской культуры. Для студентов вузов, аспирантов, преподавателей и научных работников гуманитарного профиля, а также для всех тех, кто интересуется научной индологией.
|
| 600 |
|
1 |
|a Ганди
|g Мохандас Карамчанд
|b М. К.
|f 1869-1948
|c один из лидеров индийского национально-освободительного движения, его идеолог
|2 stltpui
|3 (RuTPU)RU\TPU\pers\1391
|
| 610 |
1 |
|
|a история
|
| 610 |
1 |
|
|a Индия
|
| 610 |
1 |
|
|a религия
|
| 610 |
1 |
|
|a иудаизм
|
| 610 |
1 |
|
|a вероучение
|
| 610 |
1 |
|
|a философия
|
| 610 |
1 |
|
|a Древняя Индия
|
| 610 |
1 |
|
|a общество
|
| 610 |
1 |
|
|a средние века
|
| 610 |
1 |
|
|a английская колонизация
|
| 610 |
1 |
|
|a национально-освободительное движение
|
| 610 |
1 |
|
|a реформы
|
| 610 |
1 |
|
|a 19 век
|
| 610 |
1 |
|
|a 20 век
|
| 610 |
1 |
|
|a контрреформы
|
| 610 |
1 |
|
|a гандизм
|
| 610 |
1 |
|
|a этические идеи
|
| 610 |
1 |
|
|a правовые идеи
|
| 686 |
|
|
|a Э33
|v LBC/SL-A
|2 rubbk
|
| 686 |
|
|
|a Т3(5Ид)
|v LBC/SL-A
|2 rubbk
|
| 700 |
|
1 |
|a Жоль
|b К. К.
|g Константин Константинович
|
| 801 |
|
1 |
|a RU
|b 63413507
|c 20040618
|g PSBO
|
| 801 |
|
2 |
|a RU
|b 63413507
|c 20120419
|g PSBO
|
| 942 |
|
|
|c BK
|